000 00543nam a2200181Ia 4500
008 100917s9999 xx 000 0 und d
082 _b39366
100 _aकेणेकर मुक्ता
245 _aअंधाराची कावड
260 _bदिलीप प्रकाशन
_c1980
300 _a142
365 _b0
520 _aकादंबरी
630 _aअंधाराची कावड
650 _aकादंबरी
730 _aअंधाराची कावड
942 _cBOOK
999 _c644760
_d644757